| 000 | 00936cab a2200265 4500 | ||
|---|---|---|---|
| 001 | ABS58187 | ||
| 008 | 090401t1998 xxu||||| |||| 00| 0 eng d | ||
| 035 | _a(Sirsi) u83338 | ||
| 041 | _aeng | ||
| 100 | _aDriscoll, J. | ||
| 245 | _aInvesting in residential property to rent(2) | ||
| 260 | _c1998 | ||
| 350 | _a0 | ||
| 490 |
_aSolicitors` Journal _v142(2) 16 January 1998, 42-43(2) |
||
| 520 | _aExamines the ways in which a dwelling can be let on a non-assured basis. Considers resident landlords, holiday lets, lettings to educational institutions and forms of letting by an owner occupier. | ||
| 650 | _aHOLIDAY LETS | ||
| 650 | _aHOUSING ACT 1988 | ||
| 650 | _aLODGERS | ||
| 650 | _aOWNER-OCCUPIERS | ||
| 650 | _aPRIVATE RENTED ACCOMMODATION | ||
| 650 | _aRESIDENT LANDLORDS | ||
| 690 | _aPROPERTY-RESIDENTIAL PROPERTY-RESIDENTIAL LANDLORD AND TENANT-RESIDENTIAL TENANCIES | ||
| 942 | _n0 | ||
| 948 | _c27/01/1998 | ||
| 999 |
_c52629 _d52629 |
||